| 000 | 00931nam a2200241 i 4500 | ||
|---|---|---|---|
| 001 | 147500 | ||
| 003 | ES-MaACL | ||
| 005 | 20230906202035.0 | ||
| 007 | t| | ||
| 008 | 071001s1980 sp ||||1| spa d | ||
| 020 | _a84-00-04563-7 | ||
| 100 | 1 |
_aUngerer, Gustav. _9112010 |
|
| 245 | 1 | 3 |
_aLa defensa de Antonio Pérez contra los cargos que se le imputaron en el proceso de visita (1984) / _cGustav Ungerer. |
| 260 |
_aZaragoza : _bDiputación Provincial. Institución Fernando el Católico, _c1980. |
||
| 300 |
_a119 p. ; _c22 cm. |
||
| 490 | 1 |
_aTemas aragoneses ; _v29 |
|
| 490 | 1 |
_aPublicación ... de la Institución Fernando el Católico ; _v741 |
|
| 710 | 2 |
_aInstitución "Fernando el Católico" _94721 |
|
| 830 | 0 |
_aTemas aragoneses ; _v29 _9187111 |
|
| 830 | 0 | 0 |
_aPublicación ... de la Institución Fernando el Católico _v741 _9233871 |
| 852 |
_aES-MaACL _jL-11051 _bR.112416 |
||
| 999 |
_c147500 _d147500 |
||